| 000 | 01057nam a2200241Ia 4500 | ||
|---|---|---|---|
| 003 | IN-BaIIA | ||
| 008 | 211028s9999 xx 000 0 eng d | ||
| 040 | _cIIA Library | ||
| 080 |
_a082.2:52 _bIAU-C124 |
||
| 111 |
_aInternational Astronomical Union Colloquium _cAlabama _d1989 Dec. 4-7 _917147 |
||
| 245 | 0 |
_aPaired and interacting galaxies _bproceedings of the International Astronomical Union Colloquium No.124 held at the University of Alabama at Tuscaloosa, Alabama December 4-7, 1989 _cedited by J. W. Sulentic, W. C. Keel and C. M. Telesco |
|
| 260 |
_aWashington _bNational Aeronautics and Space Administration _c1990 |
||
| 300 | _axii, 775p. | ||
| 490 | _aNASA conference publication; no .3098 | ||
| 650 | _aAstronomy and Astrophysics Thesaurus | ||
| 650 |
_agalaxies _91286 |
||
| 650 |
_aInteracting galaxies _916734 |
||
| 700 |
_aKeel, W. C., ed. _917148 |
||
| 700 |
_aSulentic, J. W., ed. _916580 |
||
| 700 |
_aTelesco, C. M., ed. _917149 |
||
| 710 | _aInternational Astronomical Union | ||
| 942 | _cBK | ||
| 999 |
_c10121 _d10121 |
||